000 00666nam a2200205 i 4500
001 87759
003 ES-MaACL
005 20230906175732.0
007 t|
008 041223s1923 sp ||||1| spa d
100 1 _aKuprin, Aleksandr Ivanovich.
_969049
245 1 3 _aEl duelo
_b: (novela) /
_cAlejandro Kuprin ; traducción y notas de J. Rivas Panedas.
260 _aMadrid :
_bAmérica,
_c[1923] (
_fEl Día de Cuenca)
300 _a263 p. ;
_c16 cm.
490 1 _aBiblioteca de autores célebres
700 1 _aRivas Panedas, J.
_997587
830 0 _aBiblioteca de autores célebres
_9184044
852 _aES-MaACL
_jD-5730
_bR.30555
999 _c87759
_d87759